000
00224nam a22001097a 4500
003
OSt
008
241231b |||||||| |||| 00| 0 eng d
041
_a
eng
100
_a
Newyork, RP
_9
6657
245
_a
Television
942
_c
BK
999
_c
18797
_d
18797